| 000 | 00732nam a2200253Ia 4500 | ||
|---|---|---|---|
| 003 | OSt | ||
| 005 | 20220927110927.0 | ||
| 006 | a|||||r|||| 00| 0 | ||
| 007 | ta | ||
| 008 | 220926b |||||||| |||| 00| 0 eng d | ||
| 024 | _a81315 | ||
| 037 | _cReports | ||
| 040 |
_aRTL _cRTL _beng |
||
| 041 |
_2eng _aeng |
||
| 082 | _a"X9.75,e4.N60, K7" | ||
| 110 |
_aUnited Nations Development Programme _9353392 |
||
| 245 | 0 | _aCentral American Research Institute for industry | |
| 260 |
_aNew _bYork United Nations USA _c1967 |
||
| 300 |
_a63p. _ccm. |
||
| 650 | _aIndustrial Economics | ||
| 700 |
_aUnited Nations Development Programme _9353394 |
||
| 942 |
_h"X9.75,e4.N60, K7" _cCC |
||
| 999 |
_c698388 _d698388 |
||